000 00250nam a2200085Ia 4500
245 0 _aThe unlikely secret agent
100 _a Kasrils, Ronald Auckland Park, South Africa, 2010
_960969
942 _cBK
008 210817s9999 xx 000 0 und d
999 _c259040
_d259039